=LDR 00000nam 2200000 4500 =001 INLIS000000000010847 =005 20130612102446 =008 ***********************************Ind** =035 ##$$0010-061300000010847 =041 ##$$a Ind =082 ##$$a 338.476 =090 ##$$a 338.476, spi 6 =100 ##$$a Spilane, James J =245 ##$$a Komoditi kannet, peranan nya dalam perekonomian Indonesia, Dr. James J. spillane =260 ##$$a 1989 $b yogyakarta6bKamisius =300 ##$$a 218 hlm, uhs, cm =850 ##$$a NBPNMAT